000
00248nam a2200097Ia 4500
001
649612
005
20250826153745.0
008
250824s9999 xx 000 0 und d
245
0
_a
Geceleri Gökyüzü
_c
Michael Driscoll
260
_b
TÜBİTAK YAYINLARI
999
_c
649612
_d
649612